[Event "Lugano op"]
[Site "Lugano"]
[Date "2023.12.10"]
[Round "5"]
[White "Boer, Stefan"]
[Black "Pellegrini, Noah"]
[Result "1/2-1/2"]
[WhiteElo "1827"]
[BlackElo "1705"]
[PlyCount "90"]
[EventDate "2023.12.09"]
[EventType "swiss"]
[EventRounds "5"]
[EventCountry "SUI"]
[SourceTitle "CBM 217 Extra"]
[Source "ChessBase"]
[SourceDate "2024.01.31"]
[SourceVersion "1"]
[SourceVersionDate "2024.01.31"]
[SourceQuality "1"]

1. d4 e6 2. Nf3 Nf6 3. c4 Bb4+ 4. Bd2 Bxd2+ 5. Qxd2 d5 6. e3 Ne4 7. Qb4 c5 8. dxc5 Na6 9. Qa3 Naxc5 10. cxd5 exd5 11. Bb5+ Bd7 12. Bxd7+ Qxd7 13. 0-0 0-0 14. Rd1 Qf5 15. Nc3 Nxc3 16. Qxc3 Rac8 17. Qd4 Rfd8 18. Rac1 b6 19. Qe5 Qxe5 20. Nxe5 f6 21. Nf3 Kf7 22. Rc2 Nd3 23. Rdd2 Ne5 24. Nd4 Nc4 25. Re2 Nd6 26. Red2 Rxc2 27. Rxc2 Rc8 28. Rxc8 Nxc8 29. Kf1 Ke7 30. Ke2 g6 31. Kd3 Kd6 32. b4 a6 33. a4 Ne7 34. f4 Nc6 35. Nxc6 Kxc6 36. Kd4 a5 37. b5+ Kd6 38. g4 f5 39. h3 h6 40. gxf5 gxf5 41. h4 h5 42. Kd3 Ke6 43. Kc3 Kd7 44. Kd3 Ke6 45. Kc3 Kd6 1/2-1/2

[Event "Milan Carnevale op 4th"]
[Site "Milan"]
[Date "2013.02.14"]
[Round "2"]
[White "Boer, Stefan"]
[Black "Miracola, Giorgia"]
[Result "1/2-1/2"]
[WhiteElo "1918"]
[BlackElo "1867"]
[PlyCount "103"]
[EventDate "2013.02.13"]
[EventType "swiss"]
[EventRounds "6"]
[EventCountry "ITA"]
[SourceTitle "EXT 2014"]
[Source "ChessBase"]
[SourceDate "2013.11.20"]
[SourceVersion "1"]
[SourceVersionDate "2013.11.20"]
[SourceQuality "1"]

1. d4 Nf6 2. Bf4 g6 3. e3 Bg7 4. h3 0-0 5. Nf3 d5 6. Bd3 c5 7. c3 Nc6 8. Nbd2 Re8 9. Ne5 Nd7 10. Nxc6 bxc6 11. Nf3 cxd4 12. exd4 e5 13. dxe5 f6 14. e6 Rxe6+ 15. Be3 Ne5 16. 0-0 a5 17. Nxe5 fxe5 18. Be2 Re8 19. Bf3 Rb8 20. Qd2 a4 21. Bc5 Ba6 22. Rfe1 Qa5 23. Bb4 Qb6 24. Rac1 Bc4 25. Qc2 Bxa2 26. Qxa4 Bc4 27. Be2 Bxe2 28. Rxe2 c5 29. Ba3 Red8 30. Rd1 Rbc8 31. Rdd2 Kh8 32. Qd1 d4 33. cxd4 cxd4 34. Re4 Qc6 35. Qe2 Qd5 36. Qd3 Rc1+ 37. Kh2 Rdc8 38. Rde2 Qd7 39. Re1 R1c2 40. R4e2 Rxe2 41. Rxe2 Qf5 42. Qxf5 gxf5 43. g4 Bh6 44. Re1 d3 45. Bb4 d2 46. Rd1 Rc1 47. Rxd2 Bxd2 48. Bxd2 Rc2 49. Bc3 fxg4 50. Bxe5+ Kg8 51. hxg4 Rxf2+ 52. Kg3 1/2-1/2